000
00289nam a2200121Ia 4500
005
20251222140053.0
008
251222s1900||||xx |||||||||||||| ||spa||
082
_a
173.054.2/B73
100
_a
Bonet, Alberto
245
0
_a
La Conciencia Moral del NiƱo
264
_b
Pontificio
942
_c
LIB
999
_c
3683
_d
3683